000
00329 a2200157 4500
001
57102
020
_a
8532519857
040
_c
Anchieta - Pituba
100
_a
Lopes, Angélica
240
1
0
_a
Vida de modelo
_l
por
245
1
0
_a
Vida de modelo
300
_a
131
362
0
_a
2006
650
4
_a
Literatura juvenil
942
_c
BK
999
_c
57102
_d
57102